[Event "European Individual Championship (Women)"]
[Site "Plovdiv BUL"]
[Date "2008.04.21"]
[EventDate "2008.04.21"]
[Round "1"]
[Result "1-0"]
[White "Joanna Worek"]
[Black "Elena Tairova"]
[WhiteElo "2244"]
[BlackElo "2412"]
[PlyCount "99"]

1. Nf3 c5 2. c4 Nc6 3. Nc3 e5 4. d3 d6 5. g3 g6 6. Bg2 Bg7
7. O-O Nge7 8. Nd5 Rb8 9. Rb1 O-O 10. a3 a5 11. Bd2 b5 12. b4
bxc4 13. Nxe7+ Qxe7 14. b5 Nd4 15. dxc4 Bf5 16. Rc1 Be4 17. a4
Ra8 18. e3 Ne6 19. Bc3 Rfd8 20. Qe2 f5 21. Rfd1 g5 22. Ne1
Bxg2 23. Nxg2 g4 24. f4 Qb7 25. Qd3 Qf7 26. Nh4 exf4 27. gxf4
Bxc3 28. Rxc3 Rf8 29. Rc2 Rad8 30. Qd5 Rd7 31. Rcd2 Kg7
32. Qc6 Nd8 33. Qxc5 Nb7 34. Qb6 Qf6 35. Ng2 Rc8 36. Rd4 Qe6
37. Rc1 Kf7 38. Rc3 Rdc7 39. Rd5 Ke7 40. Nh4 Rd7 41. Nxf5+ Kf7
42. Qd4 Qf6 43. Qd2 Rdd8 44. Ng3 Ke7 45. Rf5 Qg6 46. Rg5 Qf7
47. Rg7 Qxg7 48. Nf5+ Kf8 49. Nxg7 Kxg7 50. Qd4+ 1-0

[Event "European Individual Championship (Women)"]
[Site "Plovdiv BUL"]
[Date "2008.04.22"]
[EventDate "2008.04.21"]
[Round "2"]
[Result "1-0"]
[White "Elena Tairova"]
[Black "Monika Seps"]
[WhiteElo "2412"]
[BlackElo "2237"]
[PlyCount "65"]

1. e4 c5 2. Nf3 Nf6 3. Nc3 d5 4. exd5 Nxd5 5. Ne4 e6 6. g3 Be7
7. Bg2 Nc6 8. O-O O-O 9. d4 cxd4 10. Nxd4 Bd7 11. c4 Nf6
12. Be3 a6 13. Rc1 Qc7 14. Qe2 Nxe4 15. Bxe4 Nxd4 16. Bxd4 f5
17. Bg2 Bf6 18. Bxf6 Rxf6 19. f4 Rd8 20. Qe5 Qxe5 21. fxe5
Rff8 22. Rfd1 Bc8 23. c5 Kf7 24. Rd6 Ke7 25. Rc4 Rd7 26. b4
Rfd8 27. a4 Rc7 28. b5 Ke8 29. b6 Rxd6 30. exd6 Rf7 31. c6
bxc6 32. Bxc6+ Kd8 33. d7 1-0

[Event "European Individual Championship (Women)"]
[Site "Plovdiv BUL"]
[Date "2008.04.23"]
[EventDate "2008.04.21"]
[Round "3"]
[Result "0-1"]
[White "Adriana Nikolova"]
[Black "Elena Tairova"]
[WhiteElo "2219"]
[BlackElo "2412"]
[PlyCount "92"]

1. e4 e5 2. Nf3 Nc6 3. Bb5 a6 4. Bxc6 dxc6 5. O-O Qd6 6. h3
Ne7 7. b3 c5 8. a4 f6 9. Na3 Be6 10. Nc4 Qd7 11. d3 Nc6
12. Bb2 O-O-O 13. Qe2 g5 14. Nh2 h5 15. Rfd1 Nd4 16. Bxd4 cxd4
17. Qe1 Qe7 18. a5 Qb4 19. Qxb4 Bxb4 20. Nf1 Bd7 21. Ng3 Bc6
22. Nf5 h4 23. f3 Rh7 24. Kf2 Kd7 25. Rg1 Rdh8 26. Rh1 Ke6
27. Rag1 Be8 28. Ra1 Bc3 29. Ra2 Bg6 30. Rb1 Bxf5 31. exf5+
Kxf5 32. b4 Kf4 33. b5 f5 34. bxa6 bxa6 35. Rb7 e4 36. dxe4
fxe4 37. fxe4 Kxe4 38. Nb2 Rf8+ 39. Kg1 Rhf7 40. Nd3 Rf1+
41. Kh2 Rd1 42. Rxc7 Rff1 43. Re7+ Kd5 44. Rd7+ Ke6 45. Nc5+
Ke5 46. Nd3+ Kf6 0-1

[Event "European Individual Championship (Women)"]
[Site "Plovdiv BUL"]
[Date "2008.04.24"]
[EventDate "2008.04.21"]
[Round "4"]
[Result "0-1"]
[White "Elena Tairova"]
[Black "Irina Zakurdjaeva"]
[WhiteElo "2412"]
[BlackElo "2296"]
[PlyCount "72"]

1. e4 e5 2. Nf3 Nc6 3. Bc4 Bc5 4. c3 Nf6 5. d3 d6 6. Bb3 O-O
7. Nbd2 a6 8. Nf1 d5 9. Qe2 dxe4 10. dxe4 Ng4 11. Ne3 Nxe3
12. Bxe3 Bxe3 13. Qxe3 Qe7 14. Bd5 Nd8 15. O-O Bg4 16. Ne1 c6
17. Bb3 Be6 18. c4 f6 19. Nd3 Bf7 20. Rac1 Ne6 21. c5 Rad8
22. Rfd1 Rd7 23. Bxe6 Bxe6 24. b3 Rfd8 25. Nb2 Rd4 26. Rxd4
Rxd4 27. f3 Qd8 28. Rc2 Qa5 29. Nd3 Qd8 30. Nb2 Qa5 31. Nd3
Qd8 32. Nb2 Qa5 33. Na4 Qd8 34. Nb2 Qa5 35. Na4 Qd8 36. g4
Rxa4 0-1

[Event "European Individual Championship (Women)"]
[Site "Plovdiv BUL"]
[Date "2008.04.25"]
[EventDate "2008.04.21"]
[Round "5"]
[Result "0-1"]
[White "Maria Velcheva"]
[Black "Elena Tairova"]
[WhiteElo "2262"]
[BlackElo "2412"]
[PlyCount "52"]

1. e4 c5 2. Nf3 d6 3. d4 cxd4 4. Nxd4 Nf6 5. Nc3 a6 6. Be3 e6
7. Be2 Nbd7 8. f4 b5 9. Bf3 Bb7 10. a3 Rc8 11. Nde2 Rc4
12. Ng3 Nc5 13. e5 Bxf3 14. Qxf3 dxe5 15. fxe5 Nfd7 16. Rd1
Qb8 17. Bd4 Nxe5 18. Qh5 Ncd3+ 19. cxd3 Rxd4 20. O-O Bc5
21. Kh1 O-O 22. Rfe1 Bd6 23. Nge4 Be7 24. Re3 f5 25. Nf2 Rh4
26. Qe2 Nf3 0-1

[Event "European Individual Championship (Women)"]
[Site "Plovdiv BUL"]
[Date "2008.04.26"]
[EventDate "2008.04.21"]
[Round "6"]
[Result "1-0"]
[White "Elena Tairova"]
[Black "Mihaela Sandu"]
[WhiteElo "2412"]
[BlackElo "2325"]
[PlyCount "77"]

1. e4 c5 2. Nf3 e6 3. d4 cxd4 4. Nxd4 Nf6 5. Nc3 d6 6. g4 Nc6
7. g5 Nd7 8. Be3 Be7 9. h4 Qa5 10. Qd2 Nde5 11. Be2 O-O
12. Nb3 Qc7 13. f4 Nd7 14. Nb5 Qb8 15. O-O-O Nc5 16. Nxd6
Nxb3+ 17. axb3 a5 18. e5 a4 19. b4 a3 20. bxa3 Rxa3 21. Kb2
Rxe3 22. Qxe3 Nxb4 23. Qe4 Nd5 24. Bd3 g6 25. c4 Nb4 26. Bb1
Qa7 27. Qd4 Qa5 28. h5 Nc6 29. Qc3 Qb6+ 30. Kc1 Qf2 31. Rdf1
Qc5 32. Ne4 Qa7 33. c5 Rd8 34. hxg6 fxg6 35. Nd6 Bd7 36. Rxh7
Kxh7 37. Qh3+ Kg8 38. Rh1 Qxc5+ 39. Bc2 1-0

[Event "European Individual Championship (Women)"]
[Site "Plovdiv BUL"]
[Date "2008.04.27"]
[EventDate "2008.04.21"]
[Round "7"]
[Result "1/2-1/2"]
[White "Baira Kovanova"]
[Black "Elena Tairova"]
[WhiteElo "2372"]
[BlackElo "2412"]
[PlyCount "107"]

1. e4 c5 2. Nf3 d6 3. Bc4 Nf6 4. d3 Nc6 5. h3 e6 6. Bb3 Be7
7. O-O O-O 8. c3 Qc7 9. Re1 e5 10. Nbd2 Be6 11. Nf1 Rad8
12. Ng3 d5 13. Qe2 Rfe8 14. Ng5 Bd6 15. Nh5 Be7 16. Nxf6+ Bxf6
17. exd5 Bxd5 18. Bxd5 Rxd5 19. Qe4 Red8 20. Qxh7+ Kf8 21. Ne4
b6 22. Bg5 Bxg5 23. Nxg5 Qd7 24. Qh8+ Ke7 25. Qxg7 Qf5 26. Nf3
Qf6 27. Qg4 Rxd3 28. Nxe5 Nxe5 29. f4 R8d5 30. fxe5 Rxe5
31. Rxe5+ Qxe5 32. Rf1 Rd6 33. Qc8 Qe6 34. Qg8 Rd5 35. Qg3 Re5
36. Qh4+ Kf8 37. Rd1 Kg7 38. Qg3+ Kf8 39. Rd8+ Ke7 40. Qh4+ f6
41. Rd1 Re2 42. Qg3 Kf7 43. Rd8 Re1+ 44. Kh2 Qe5 45. Qxe5 fxe5
46. Rd7+ Ke6 47. Rxa7 Rb1 48. b3 Rc1 49. Ra6 e4 50. Rxb6+ Kd7
51. Kg3 Rf1 52. Rb7+ Kd8 53. Rb8+ Kd7 54. Rb7+ 1/2-1/2

[Event "European Individual Championship (Women)"]
[Site "Plovdiv BUL"]
[Date "2008.04.29"]
[EventDate "2008.04.21"]
[Round "8"]
[Result "1/2-1/2"]
[White "Elena Tairova"]
[Black "Katerina Nemcova"]
[WhiteElo "2412"]
[BlackElo "2344"]
[PlyCount "163"]

1. e4 e5 2. Nf3 Nc6 3. d4 exd4 4. Nxd4 Nf6 5. Nxc6 bxc6 6. e5
Qe7 7. Qe2 Nd5 8. c4 Nb6 9. Nc3 Qe6 10. Qe4 g6 11. Bd3 Bg7
12. f4 O-O 13. O-O d6 14. Re1 dxe5 15. fxe5 Qg4 16. Bf4 Bf5
17. Be2 Qh4 18. Qf3 Nd7 19. Bf1 Rae8 20. Bg3 Qd4+ 21. Bf2 Nxe5
22. Qxf5 Qxc3 23. bxc3 gxf5 24. Bc5 Ng4 25. Bxf8 Bxc3 26. Bc5
Rxe1 27. Rxe1 Bxe1 28. Bxa7 f4 29. Be2 Ne5 30. a3 f6 31. Kf1
Bc3 32. Bf2 Kf7 33. Be1 Bd4 34. Bd2 Ke6 35. a4 Kf5 36. a5 Ke4
37. a6 Ba7 38. Ba5 Kd4 39. Bxc7 f3 40. gxf3 Nxc4 41. Ke1 Ne5
42. Kd2 Nc4+ 43. Ke1 Ne5 44. Kd2 Nc4+ 45. Ke1 Ne5 46. f4 Nd7
47. Kd2 Nc5 48. Bf1 Ne4+ 49. Kc2 Nc5 50. Bd8 Ne4 51. Bd3 f5
52. Bc7 Kd5 53. Be5 c5 54. Kb3 Nd2+ 55. Ka4 Nf3 56. Bb2 Nd4
57. Bf1 Ke4 58. Bc1 h5 59. Ka3 Nc2+ 60. Kb3 Ne3 61. Bc4 Ng2
62. Ka4 Ne1 63. Kb5 Nc2 64. Kc6 Kd4 65. Kb7 Kxc4 66. Kxa7 Nb4
67. Kb7 Nxa6 68. Kxa6 Kd3 69. Kb5 c4 70. Kc5 Ke4 71. h4 c3
72. Kc4 Kf3 73. Kxc3 Kg4 74. Kd4 Kxh4 75. Ke3 Kg3 76. Bd2 h4
77. Be1+ Kg4 78. Bd2 Kg3 79. Be1+ Kg4 80. Bxh4 Kxh4 81. Kd4
Kg3 82. Ke3 1/2-1/2

[Event "European Individual Championship (Women)"]
[Site "Plovdiv BUL"]
[Date "2008.05.01"]
[EventDate "2008.04.21"]
[Round "10"]
[Result "1-0"]
[White "Elena Tairova"]
[Black "Sopio Gvetadze"]
[WhiteElo "2412"]
[BlackElo "2350"]
[PlyCount "65"]

1. e4 c5 2. Nf3 d6 3. d4 cxd4 4. Nxd4 e6 5. Nc3 Nc6 6. g4 Be7
7. Be3 a6 8. Qd2 Ne5 9. h3 Qc7 10. O-O-O Bd7 11. f4 Nc4
12. Bxc4 Qxc4 13. g5 O-O-O 14. h4 h5 15. Nb3 Kb8 16. a3 Rc8
17. Qf2 a5 18. Nxa5 Qa6 19. Nb3 Be8 20. f5 Bd8 21. fxe6 fxe6
22. Qf8 Rxc3 23. bxc3 Qxa3+ 24. Kd2 Nf6 25. Qxh8 Nxe4+ 26. Ke1
Qa4 27. Qf8 Qc6 28. Rd3 e5 29. Rf1 Bc7 30. c4 Qa4 31. Rf7 Bd8
32. Rxg7 Ba5+ 33. Kf1 1-0

[Event "European Individual Championship (Women)"]
[Site "Plovdiv BUL"]
[Date "2008.05.02"]
[EventDate "2008.04.21"]
[Round "11"]
[Result "1-0"]
[White "Maia Lomineishvili"]
[Black "Elena Tairova"]
[WhiteElo "2400"]
[BlackElo "2412"]
[PlyCount "83"]

1. d4 d5 2. c4 c6 3. Nf3 Nf6 4. Nc3 e6 5. e3 Nbd7 6. Bd3 dxc4
7. Bxc4 b5 8. Bd3 Bd6 9. O-O Bb7 10. a3 O-O 11. Bd2 Qe7
12. Qc2 h6 13. h3 Rfe8 14. b4 a5 15. bxa5 e5 16. Nh4 Bxa3
17. Nf5 Qf8 18. Ra2 Bd6 19. Rfa1 Rac8 20. a6 Ba8 21. a7 g6
22. Nxd6 Qxd6 23. Bxg6 b4 24. Ne4 Nxe4 25. Bxe4 exd4 26. Ra4
c5 27. Bxa8 d3 28. Qc4 Rxa8 29. Ra6 Ne5 30. Qe4 Qd7 31. Rxh6
Ng6 32. Qc4 Qf5 33. Ra5 Kg7 34. Rxc5 Re5 35. Rc7 Re6 36. Qxb4
Rf6 37. f3 Qe5 38. Rxg6+ Kxg6 39. Rc5 Qa1+ 40. Kh2 Kg7 41. Bc3
Qa6 42. Rg5+ 1-0

[Event "Russia - China (Women)"]
[Site "Sochi RUS"]
[Date "2009.08.15"]
[EventDate "2009.08.15"]
[Round "1"]
[Result "1-0"]
[White "Huang Qian"]
[Black "Elena Tairova"]
[WhiteElo "2424"]
[BlackElo "2450"]
[PlyCount "89"]

1. d4 d5 2. c4 c6 3. Nf3 Nf6 4. Nc3 e6 5. Bg5 dxc4 6. e4 b5
7. e5 h6 8. Bh4 g5 9. Nxg5 hxg5 10. Bxg5 Nbd7 11. exf6 Bb7
12. g3 c5 13. d5 Bh6 14. Bxh6 Rxh6 15. Qd2 Qxf6 16. Ne4 Qf3
17. Nd6+ Ke7 18. Nxb7 Rh5 19. d6+ Ke8 20. Rg1 Re5+ 21. Be2 a5
22. Kf1 Qxb7 23. a4 b4 24. Bxc4 Kf8 25. Qh6+ Kg8 26. Bd3 Nf8
27. Qf4 Qd5 28. Rd1 Ng6 29. Qg4 Rg5 30. Qe2 Qb3 31. f4 Rd5
32. Kf2 Rd4 33. Bxg6 fxg6 34. Rxd4 cxd4 35. Rd1 Kf7 36. Rxd4
Rd8 37. f5 gxf5 38. Qh5+ Kf6 39. Qh6+ Kf7 40. Qh7+ Kf6 41. Rd2
f4 42. Qh6+ Kf7 43. Qxf4+ Kg6 44. Qg4+ Kf7 45. Qh5+ 1-0

[Event "Russia - China (Women)"]
[Site "Sochi RUS"]
[Date "2009.08.17"]
[EventDate "2009.08.15"]
[Round "3"]
[Result "1-0"]
[White "Zhao Xue"]
[Black "Elena Tairova"]
[WhiteElo "2544"]
[BlackElo "2450"]
[PlyCount "53"]

1. d4 d5 2. c4 c6 3. Nf3 Nf6 4. Nc3 a6 5. e3 b5 6. c5 g6
7. Bd2 a5 8. Rc1 Bg7 9. a3 O-O 10. b4 Nbd7 11. Bd3 Qc7 12. O-O
axb4 13. axb4 e5 14. dxe5 Ng4 15. e4 Ndxe5 16. Bf4 Nxf3+
17. Qxf3 Be5 18. Bg3 d4 19. Ne2 Nxh2 20. Kxh2 f5 21. exf5 Bxf5
22. Bxf5 Rxf5 23. Qb3+ Kh8 24. Nxd4 Rg5 25. Ne6 Qf7 26. Kg1
Re8 27. Qe3 1-0

[Event "Russia - China (Women)"]
[Site "Sochi RUS"]
[Date "2009.08.18"]
[EventDate "2009.08.15"]
[Round "4"]
[Result "1-0"]
[White "Elena Tairova"]
[Black "Yuhua Xu"]
[WhiteElo "2450"]
[BlackElo "2485"]
[PlyCount "121"]

1. e4 e6 2. d4 d5 3. Nc3 dxe4 4. Nxe4 Nd7 5. Nf3 Ngf6 6. Nxf6+
Nxf6 7. c3 c5 8. Ne5 a6 9. Bd3 cxd4 10. Qa4+ Nd7 11. cxd4 Bd6
12. O-O O-O 13. Nf3 h6 14. Qd1 e5 15. Bc2 exd4 16. Qxd4 Qb6
17. Qxb6 Nxb6 18. Be3 Nc4 19. Bd4 Bg4 20. Be4 Rad8 21. Rfd1 b5
22. b3 Bxf3 23. Bxf3 Be5 24. Bxe5 Nxe5 25. Be4 Rfe8 26. f3 Kf8
27. Rac1 g6 28. h4 h5 29. Kh2 f5 30. Bb7 Nd3 31. Rc3 Nf4
32. Rxd8 Rxd8 33. Rc2 a5 34. Ba6 b4 35. Bc4 Rd4 36. Kg3 Nd5
37. Bxd5 f4+ 38. Kf2 Rxd5 39. Ke2 g5 40. hxg5 Rxg5 41. Kd3 Re5
42. Rc4 Rd5+ 43. Rd4 Rg5 44. Rxf4+ Kg7 45. g4 h4 46. Rc4 Rd5+
47. Ke3 Rd1 48. Rc2 Rh1 49. Kf4 Kg6 50. Rd2 Kf6 51. g5+ Ke6
52. Re2+ Kf7 53. Kf5 h3 54. f4 Rg1 55. Rc2 Rg2 56. Rc7+ Ke8
57. Rh7 h2 58. Kf6 Rxa2 59. g6 Rg2 60. g7 a4 61. Rxh2 1-0

[Event "Russia - China (Women)"]
[Site "Sochi RUS"]
[Date "2009.08.19"]
[EventDate "2009.08.15"]
[Round "5"]
[Result "1/2-1/2"]
[White "Elena Tairova"]
[Black "Ju Wenjun"]
[WhiteElo "2450"]
[BlackElo "2443"]
[PlyCount "79"]

1. e4 c5 2. Ne2 d6 3. g3 d5 4. Nbc3 d4 5. Nb1 Bg4 6. Bg2 d3
7. cxd3 Qxd3 8. Nf4 Qd7 9. f3 Be6 10. Nxe6 Qxe6 11. d4 cxd4
12. Qxd4 Nf6 13. Nc3 Qa6 14. Bf1 Nc6 15. Qc5 Nd7 16. Bxa6 Nxc5
17. Bc4 O-O-O 18. Be3 e6 19. O-O Be7 20. Rfd1 Rxd1+ 21. Rxd1
Rd8 22. Rxd8+ Kxd8 23. Kg2 a6 24. a3 b5 25. Be2 Kc7 26. f4 Nb3
27. e5 Nca5 28. Bd1 Nc4 29. Bxb3 Nxe3+ 30. Kf3 Nf5 31. Ke4 h5
32. Bd1 g6 33. b4 Kc6 34. Bf3 Kb6 35. Be2 Bf8 36. Bd3 Be7
37. Be2 Bf8 38. Bd3 Be7 39. Bf1 Bf8 40. Bd3 1/2-1/2

[Event "Russia vs China (Women's Rapid)"]
[Site "Sochi RUS"]
[Date "2009.08.21"]
[EventDate "2009.08.21"]
[Round "1"]
[Result "0-1"]
[White "Elena Tairova"]
[Black "Huang Qian"]
[WhiteElo "2450"]
[BlackElo "2424"]
[PlyCount "128"]

1. e4 d5 2. exd5 Qxd5 3. Nc3 Qd6 4. d4 c6 5. Nf3 Nf6 6. g3 Bg4
7. Bg2 g6 8. O-O Bg7 9. h3 Bxf3 10. Bxf3 e6 11. Bf4 Qd8
12. Ne2 O-O 13. Qd2 Nbd7 14. Rad1 Qc8 15. Bh6 Rd8 16. Bxg7
Kxg7 17. c3 Qc7 18. Bg2 Re8 19. f4 Rad8 20. Kh2 h5 21. Kh1 b5
22. Qe3 Nd5 23. Qf2 N7f6 24. Nc1 b4 25. c4 Ne7 26. Nb3 Nf5
27. Kg1 a5 28. Rd2 Rd6 29. Rfd1 Red8 30. Bf3 Qa7 31. g4 hxg4
32. hxg4 Ne7 33. Nc5 Rh8 34. Kg2 Rdd8 35. Rh1 Rxh1 36. Kxh1
Rh8+ 37. Kg1 Qb8 38. Qe3 Rh3 39. Rg2 Qh8 40. Kf1 Qh4 41. Ke2
Rh2 42. Qf2 Rxg2 43. Qxg2 g5 44. Qf2 Qh6 45. Nb7 Ng6 46. f5
Nf4+ 47. Kd1 Qh3 48. fxe6 Nxe6 49. d5 cxd5 50. cxd5 Nf4 51. d6
Nxg4 52. Qd4+ Nf6 53. Bc6 Qf1+ 54. Kc2 Qe2+ 55. Kb3 Ne6
56. Qg1 Qd3+ 57. Ka4 Qc2+ 58. Kxa5 Qxc6 59. Qb6 Qxb6+ 60. Kxb6
g4 61. Kc6 g3 62. d7 Nxd7 63. Nd6 g2 64. Nf5+ Kf6 0-1

[Event "Russia vs China (Women's Rapid)"]
[Site "Sochi RUS"]
[Date "2009.08.21"]
[EventDate "2009.08.21"]
[Round "3"]
[Result "1/2-1/2"]
[White "Elena Tairova"]
[Black "Zhao Xue"]
[WhiteElo "2450"]
[BlackElo "2544"]
[PlyCount "56"]

1. e4 c6 2. d4 d5 3. f3 dxe4 4. fxe4 e5 5. Nf3 exd4 6. Bc4 Nf6
7. O-O Nbd7 8. e5 Nd5 9. Qe2 N7b6 10. Bd3 Be6 11. Ng5 Nc7
12. Qf2 Qd7 13. Nd2 h6 14. Nxe6 Nxe6 15. Ne4 Nd5 16. Bd2 Nb4
17. Bxb4 Bxb4 18. a3 Bf8 19. Rae1 O-O-O 20. Qxf7 Qxf7 21. Rxf7
Rd7 22. Ref1 Rxf7 23. Rxf7 Nd8 24. Rf1 Be7 25. Ng3 Re8 26. Bg6
Rf8 27. Nf5 Kd7 28. Nxh6 gxh6 1/2-1/2

[Event "Russia vs China (Women's Rapid)"]
[Site "Sochi RUS"]
[Date "2009.08.21"]
[EventDate "2009.08.21"]
[Round "4"]
[Result "1-0"]
[White "Yuhua Xu"]
[Black "Elena Tairova"]
[WhiteElo "2485"]
[BlackElo "2450"]
[PlyCount "67"]

1. e4 e6 2. d3 c5 3. f4 d5 4. Qe2 Nf6 5. Nf3 Be7 6. g3 b6
7. Bg2 Ba6 8. e5 Nfd7 9. c4 Nc6 10. O-O Rc8 11. f5 dxc4
12. fxe6 cxd3 13. exd7+ Qxd7 14. Qe4 Nb4 15. Nc3 Bb7 16. Qf4
O-O 17. Bd2 c4 18. Rae1 Nc2 19. Re4 b5 20. a3 a5 21. a4 b4
22. Nb5 Bd5 23. Nh4 g6 24. Qh6 Rc5 25. Nd6 Bxe4 26. Bxe4 Rxe5
27. Nhf5 Bf6 28. Qf4 gxf5 29. Nxf5 Kh8 30. Qh6 Qd8 31. Ne7 Rf5
32. Bxf5 Bd4+ 33. Kg2 Qa8+ 34. Kh3 1-0

[Event "Russia vs China (Women's Rapid)"]
[Site "Sochi RUS"]
[Date "2009.08.21"]
[EventDate "2009.08.21"]
[Round "5"]
[Result "1-0"]
[White "Ju Wenjun"]
[Black "Elena Tairova"]
[WhiteElo "2443"]
[BlackElo "2450"]
[PlyCount "93"]

1. c4 c6 2. e4 e5 3. Nf3 d6 4. d4 Nd7 5. Nc3 Ngf6 6. Be2 Be7
7. O-O O-O 8. b3 exd4 9. Nxd4 Nc5 10. f3 a5 11. Be3 Re8
12. Qd2 Bf8 13. Nc2 Qe7 14. Rad1 Be6 15. Bd4 Rad8 16. Rfe1 Bc8
17. Bf1 Ne6 18. Bb6 Nd7 19. Bxd8 Qxd8 20. f4 Qf6 21. g3 b6
22. Bg2 Bb7 23. e5 Qh6 24. exd6 Rd8 25. f5 Qxd2 26. Rxd2 Nec5
27. Red1 Ne5 28. Ne4 Ncd7 29. h3 g6 30. fxg6 hxg6 31. Nd4 Bh6
32. Re2 Bg7 33. Nf3 Bc8 34. Nxe5 Nxe5 35. Nf2 Bf5 36. g4 Be6
37. Ne4 f5 38. Ng5 Bd7 39. gxf5 gxf5 40. Nf3 Ng6 41. Nd4 Nf4
42. Rf2 Nxg2 43. Kxg2 Rf8 44. Re2 Rf7 45. Nf3 Rf6 46. Re7 Rf7
47. Ng5 1-0

[Event "Russia vs China (Women's Rapid)"]
[Site "Sochi RUS"]
[Date "2009.08.22"]
[EventDate "2009.08.21"]
[Round "6"]
[Result "1-0"]
[White "Huang Qian"]
[Black "Elena Tairova"]
[WhiteElo "2424"]
[BlackElo "2450"]
[PlyCount "97"]

1. d4 d5 2. Nf3 Nf6 3. c4 c6 4. Nc3 a6 5. c5 Nbd7 6. Bf4 Nh5
7. Bd2 Nhf6 8. h3 g6 9. Bf4 Bg7 10. e3 O-O 11. Be2 Ne4 12. O-O
f5 13. Qc2 h6 14. b4 Qe8 15. Bd3 g5 16. Be5 Nxe5 17. Nxe5 Be6
18. f4 Bf6 19. Ne2 Kh8 20. Bxe4 fxe4 21. Kh2 gxf4 22. exf4 Bf5
23. g4 Bh7 24. Qc3 e6 25. Ng3 Qe7 26. Nh5 Bh4 27. a4 Qc7
28. Qb3 b5 29. cxb6 Qxb6 30. Nd7 Qxd4 31. Rad1 Qa7 32. Qb2+ d4
33. Nxf8 Rxf8 34. Rxd4 Kg8 35. Rfd1 Qb6 36. Rd8 Qf2+ 37. Qxf2
Bxf2 38. Nf6+ Kg7 39. Rxf8 Kxf8 40. Nxh7+ Kg7 41. Rd7+ Kg6
42. Kg2 Bh4 43. Nf8+ Kf6 44. Nh7+ Kg6 45. Kf1 Bg3 46. Nf8+ Kf6
47. Rd4 e3 48. Ke2 Bf2 49. Re4 1-0

[Event "Russia vs China (Women's Rapid)"]
[Site "Sochi RUS"]
[Date "2009.08.22"]
[EventDate "2009.08.21"]
[Round "8"]
[Result "0-1"]
[White "Zhao Xue"]
[Black "Elena Tairova"]
[WhiteElo "2544"]
[BlackElo "2450"]
[PlyCount "94"]

1. d4 d5 2. c4 c6 3. Nf3 Nf6 4. e3 Bf5 5. Nc3 e6 6. Nh4 Bg6
7. Be2 Nbd7 8. O-O Qc7 9. g3 Be7 10. Bd2 Ne4 11. Nxg6 hxg6
12. Nxe4 dxe4 13. Qa4 e5 14. b4 Nf6 15. d5 Qd7 16. dxc6 bxc6
17. Rfd1 Rc8 18. Bf1 Qf5 19. Be1 Nh7 20. f4 exf3 21. e4 Qxe4
22. Qxa7 Qf5 23. Bd2 Nf6 24. Be3 Ne4 25. a3 Bg5 26. Ra2 f2+
27. Bxf2 Nc3 28. Rad2 Nxd1 29. Rxd1 O-O 30. Qc5 Qe6 31. Rd6
Qf5 32. Rxc6 Rxc6 33. Qxc6 e4 34. Qc5 Re8 35. Qxf5 gxf5
36. Bc5 Rd8 37. Be2 Rd2 38. Kf1 Rb2 39. b5 Bd8 40. Bb4 g5
41. c5 f4 42. gxf4 gxf4 43. b6 f3 44. Bxf3 exf3 45. b7 Bc7
46. c6 Bxh2 47. Ba5 Bg3 0-1

[Event "Russia vs China (Women's Rapid)"]
[Site "Sochi RUS"]
[Date "2009.08.22"]
[EventDate "2009.08.21"]
[Round "9"]
[Result "0-1"]
[White "Elena Tairova"]
[Black "Yuhua Xu"]
[WhiteElo "2450"]
[BlackElo "2485"]
[PlyCount "72"]

1. e4 e6 2. d4 d5 3. Nc3 dxe4 4. Nxe4 Nd7 5. Nf3 Ngf6 6. Nxf6+
Nxf6 7. c3 c5 8. Ne5 a6 9. Be3 Qc7 10. Qa4+ Bd7 11. Nxd7 Qxd7
12. Qxd7+ Nxd7 13. O-O-O cxd4 14. Bxd4 Rc8 15. Be2 Bc5
16. Bxg7 Rg8 17. Bd4 Bxd4 18. Rxd4 Rxg2 19. Bf3 Rxf2 20. Bxb7
Rb8 21. Bc6 Rbxb2 22. Rxd7 Kf8 23. Be4 Rxa2 24. h4 Ra3 25. Rc7
a5 26. Rb7 Rxc3+ 27. Kb1 h5 28. Rb2 Rf4 29. Bg2 Rcc4 30. Rd1
Rxh4 31. Rd8+ Kg7 32. Rbb8 Kf6 33. Rd7 Rh2 34. Rb2 Rf4 35. Rd3
h4 36. Kc1 Rg4 0-1

[Event "Russia vs China (Women's Rapid)"]
[Site "Sochi RUS"]
[Date "2009.08.22"]
[EventDate "2009.08.21"]
[Round "10"]
[Result "0-1"]
[White "Elena Tairova"]
[Black "Ju Wenjun"]
[WhiteElo "2450"]
[BlackElo "2443"]
[PlyCount "96"]

1. e4 c5 2. Nf3 d6 3. d4 cxd4 4. Nxd4 Nf6 5. Nc3 a6 6. Bg5 e6
7. f4 Nbd7 8. Bc4 h6 9. Bxf6 Qxf6 10. Qd2 b5 11. Bxb5 axb5
12. Ncxb5 Qd8 13. Nc6 Qb6 14. Nxd6+ Bxd6 15. Qxd6 Qe3+ 16. Kd1
Qc5 17. Qxc5 Nxc5 18. Nd4 Bb7 19. e5 O-O-O 20. c3 Nd3 21. Kc2
Nxf4 22. Rhf1 g5 23. g3 Ng6 24. Rxf7 Nxe5 25. Re7 Be4+ 26. Kb3
Bd5+ 27. Ka4 Rd7 28. Rxd7 Kxd7 29. c4 Nxc4 30. b3 Ra8+ 31. Kb4
Rb8+ 32. Kc3 Nd6 33. Rf1 e5 34. Nc2 Rc8+ 35. Kb2 Ke6 36. Ne3
Be4 37. a4 Nf5 38. Nxf5 Bxf5 39. Ka3 e4 40. a5 Ke5 41. b4 e3
42. a6 Bd3 43. Re1 e2 44. Ka4 Bxa6 45. b5 Bxb5+ 46. Kxb5 Rc2
47. Kb4 Kd4 48. Kb3 Kd5 0-1

[Event "Russia vs China (Women's Blitz)"]
[Site "Sochi RUS"]
[Date "2009.08.23"]
[EventDate "2009.08.23"]
[Round "1"]
[Result "1-0"]
[White "Huang Qian"]
[Black "Elena Tairova"]
[WhiteElo "2424"]
[BlackElo "2450"]
[PlyCount "87"]

1. d4 d5 2. Nf3 Nf6 3. c4 c6 4. e3 Bf5 5. Nc3 e6 6. Nh4 Bg6
7. Nxg6 hxg6 8. Bd2 Nbd7 9. g3 Be7 10. b3 O-O 11. Bg2 dxc4
12. bxc4 e5 13. O-O Re8 14. Qb3 exd4 15. exd4 Qb6 16. Be3 Rad8
17. Rfd1 Bf8 18. Rab1 Qxb3 19. axb3 Bd6 20. Bf3 Nf8 21. b4 Ne6
22. b5 cxb5 23. Nxb5 b6 24. Nxa7 Bc7 25. Nc6 Rd7 26. Nb4 Red8
27. Nd5 Nxd5 28. Bxd5 Nf8 29. Bg5 Rb8 30. Bc6 Rd6 31. Bf3 Ne6
32. Be3 Rbd8 33. Bd5 Nf8 34. Bf4 R6d7 35. Bc6 Bxf4 36. Bxd7
Rxd7 37. gxf4 Ne6 38. Rxb6 Nxd4 39. Kf1 Kh7 40. c5 Rd8 41. Rd6
Rxd6 42. cxd6 Ne6 43. d7 Nd8 44. Re1 1-0

[Event "Russia vs China (Women's Blitz)"]
[Site "Sochi RUS"]
[Date "2009.08.23"]
[EventDate "2009.08.23"]
[Round "3"]
[Result "1-0"]
[White "Zhao Xue"]
[Black "Elena Tairova"]
[WhiteElo "2544"]
[BlackElo "2450"]
[PlyCount "21"]

1. d4 d5 2. c4 c6 3. Nf3 Nf6 4. Nc3 Nbd7 5. c5 Nh5 6. Bf4 Nxf4
7. e3 b6 8. exf4 g6 9. b4 Qc7 10. Rc1 a5 11. g3 1-0

[Event "Russia vs China (Women's Blitz)"]
[Site "Sochi RUS"]
[Date "2009.08.23"]
[EventDate "2009.08.23"]
[Round "4"]
[Result "0-1"]
[White "Elena Tairova"]
[Black "Yuhua Xu"]
[WhiteElo "2450"]
[BlackElo "2485"]
[PlyCount "104"]

1. e4 e6 2. d4 d5 3. Nc3 Nf6 4. e5 Nfd7 5. f4 c5 6. Nf3 Nc6
7. Be3 cxd4 8. Nxd4 Bc5 9. Qd2 O-O 10. O-O-O a6 11. Nb3 Bb4
12. g4 b5 13. Rg1 Na5 14. Bd4 Nc4 15. Qf2 Rb8 16. Rg3 a5
17. Bxc4 bxc4 18. Nd2 Qe7 19. Re1 Bc5 20. f5 Bxd4 21. Qxd4 Qb4
22. Nd1 Ba6 23. Qf4 Rfc8 24. Rc3 Nc5 25. f6 Na4 26. a3 Qf8
27. Ree3 Nxc3 28. Nxc3 Rd8 29. Qd4 Rbc8 30. Rh3 Qc5 31. Qf4 d4
32. Qg5 Qf8 33. Nce4 c3 34. Nb1 d3 35. fxg7 d2+ 36. Nbxd2
cxd2+ 37. Nxd2 Qxg7 38. Qe3 Bd3 39. c3 Bg6 40. Rf3 Rd3 41. Qe2
Rxf3 42. Nxf3 Qh6+ 43. g5 Qh3 44. Nd4 Qd3 45. Qxd3 Bxd3
46. Kd2 Bc4 47. b4 axb4 48. axb4 Kg7 49. Ke3 Kg6 50. h4 Kh5
51. Nf3 Rd8 52. Kf4 Rd3 0-1

[Event "Russia vs China (Women's Blitz)"]
[Site "Sochi RUS"]
[Date "2009.08.23"]
[EventDate "2009.08.23"]
[Round "5"]
[Result "1/2-1/2"]
[White "Elena Tairova"]
[Black "Ju Wenjun"]
[WhiteElo "2450"]
[BlackElo "2443"]
[PlyCount "70"]

1. e4 Nf6 2. e5 Nd5 3. d4 d6 4. Nf3 Nb6 5. Be2 dxe5 6. Nxe5 g6
7. O-O Bg7 8. Bf4 O-O 9. Qd2 N8d7 10. Nf3 c5 11. Bh6 cxd4
12. Bxg7 Kxg7 13. Qxd4+ Nf6 14. Qh4 Bf5 15. Nd4 Be4 16. Rd1
Qc7 17. Nc3 Bd5 18. Rd3 e6 19. Rh3 Rad8 20. Qh6+ Kg8 21. Nf3
Bxf3 22. Bxf3 e5 23. Ne4 Nbd7 24. Ng5 Rfe8 25. Nxh7 Nxh7
26. Qxh7+ Kf8 27. Qh6+ Ke7 28. Bd5 Nf6 29. Bb3 e4 30. Re1 Qe5
31. Qe3 b6 32. Rh4 Rh8 33. Rxh8 Rxh8 34. h3 Kf8 35. c3 Kg7
1/2-1/2